000 00907cam a22002893a 4500
001 21842
003 PGUSA
005 20140828083450.0
008 070615s2007||||xxu|||||s|||||000 1 eng d
040 _aPGUSA
_beng
042 _adc
050 4 _aPZ
100 1 _aWebster, Frank V.
245 1 4 _aThe Boy Scouts of Lenox; Or, The Hike Over Big Bear Mountain
_h[electronic resource] /
_cFrank V. Webster
260 _bProject Gutenberg,
_c2007
506 _aPublic domain in the USA.
516 _aElectronic text
653 _aBoy Scouts of America -- Juvenile fiction
653 _aThieves -- Juvenile fiction
653 _aHiking -- Juvenile fiction
653 _aMountains -- Juvenile fiction
653 _aMystery and detective stories
653 _aBoy Scouts -- Juvenile fiction
830 0 _aProject Gutenberg
_v21842
856 4 0 _uhttp://www.gutenberg.org/ebooks/21842
942 _cEB
999 _c251097
_d251097